[Event "Noyabrsk YANAO-ch"]
[Site "Noyabrsk"]
[Date "2008.01.16"]
[Round "3"]
[White "Latfullin, Aidar"]
[Black "Sergeev, Alexander S"]
[Result "0-1"]
[WhiteElo "1984"]
[BlackElo "2080"]
[PlyCount "68"]
[EventDate "2008.01.16"]
[EventType "tourn"]
[EventRounds "9"]
[EventCountry "RUS"]
[SourceTitle "EXT 2009"]
[Source "ChessBase"]
[SourceDate "2008.11.26"]
[SourceVersion "1"]
[SourceVersionDate "2008.11.26"]
[SourceQuality "1"]

1. d4 Nf6 2. c4 g6 3. Nc3 d5 4. Nf3 Bg7 5. g3 0-0 6. Bg2 Nc6 7. cxd5 Nxd5 8. e4 Nb6 9. d5 Na5 10. 0-0 c6 11. dxc6 Nxc6 12. Qe2 Bg4 13. h3 Nd4 14. Qd1 Nxf3+ 15. Bxf3 Qxd1 16. Bxd1 Bxh3 17. Re1 Bd7 18. Bb3 e6 19. Be3 Bc6 20. Rad1 Rfd8 21. Bc5 Rxd1 22. Nxd1 Na4 23. Ba3 Bd4 24. Bxa4 Bxa4 25. b3 Bc6 26. Nb2 a5 27. Nd3 Rd8 28. Nf4 b5 29. Be7 Rd7 30. Bg5 f6 31. Bh6 Kf7 32. Ne2 Bb6 33. e5 fxe5 34. Nc3 Rd3 0-1